| 000 | 00464nam a22001457a 4500 | ||
|---|---|---|---|
| 005 | 20180724124554.0 | ||
| 020 |
_a8175345276 _c295.00 |
||
| 035 | _aB-220636, B-220635 | ||
| 037 |
_aDPL _bENG |
||
| 100 | _aVerma, G.L. | ||
| 245 |
_aConversion of properties from leasehold to freehold in Delhi / _cby G.L. Verma |
||
| 260 |
_aNew Delhi _bUniversal Law Publishing Co. _c2006 |
||
| 300 |
_axvii, 338p. _c20 cms. |
||
| 942 |
_2ddc _cEN _h346.04095416 _mVER |
||
| 999 |
_c67519 _d67519 |
||